Selected works [of] Karl Marx and Frederick Engels.

Sparad:
Bibliografiska uppgifter
Huvudupphovsman: Marx, Karl
Materialtyp: Bok
Språk:Undetermined
Publicerad: Moscow Foreign Languages Pub. House 1951
Ämnen:
Taggar: Lägg till en tagg
Inga taggar, Lägg till första taggen!
Thư viện lưu trữ: Trung tâm Học liệu Trường Đại học Cần Thơ
LEADER 00501nam a2200181Ia 4500
001 CTU_88358
008 210402s9999 xx 000 0 und d
082 |a 335 
082 |b M392 
100 |a Marx, Karl 
245 0 |a Selected works [of] Karl Marx and Frederick Engels. 
245 0 |c Karl Marx 
260 |a Moscow 
260 |b Foreign Languages Pub. House 
260 |c 1951 
650 |a Socialism.,Economics. 
904 |i Năm,Hải 
980 |a Trung tâm Học liệu Trường Đại học Cần Thơ